[Event "Autumn Cup"]
[Site "Box Hill"]
[Date "2002.03.15"]
[Round "6.30"]
[White "Carey, Peter"]
[Black "Fielder, Shaun"]
[Result "1-0"]
[WhiteElo "1451"]
[BlackElo "1141"]
[Annotator "sf"]
[PlyCount "87"]
[EventDate "2002.02.08"]

1. e4 e6 2. d4 d5 3. Nc3 Bb4 4. e5 Ne7 5. a3 Bxc3+ 6. bxc3 c5 7. Qg4 Ng6 8. h4
h5 9. Qg5 Qxg5 10. Bxg5 a6 11. Rb1 b5 12. Ra1 Bb7 13. a4 Bc6 14. axb5 axb5 15.
Rxa8 Bxa8 16. Bxb5+ Nd7 17. Nf3 Ne7 18. Kd2 Kd8 19. Ra1 Bb7 20. Ra7 Bc8 21.
Bxd7 Bxd7 22. dxc5 Ke8 23. Bxe7 Kxe7 24. c6 Rd8 25. Ng5 f6 26. Nf3 Ke8 27. Rxd7
Rxd7 28. cxd7+ Kxd7 29. Kd3 fxe5 30. Nxe5+ Kd6 31. f4 Kc5 32. c4 dxc4+ 33. Nxc4
Kd5 34. g3 Kc5 35. Nd2 Kd6 36. Ke4 g6 37. Nc4+ Ke7 38. Ne5 Kf6 39. c4 Ke7 40.
Nxg6+ Kd6 41. Ne5 Kc5 42. g4 hxg4 43. Nxg4 Kxc4 44. h5 1-0

[Event "Autumn Cup"]
[Site "Box Hill"]
[Date "2002.03.15"]
[Round "6.33"]
[White "Fell, Samuel"]
[Black "Benjamin, Frank"]
[Result "1-0"]
[WhiteElo "1057"]
[BlackElo "1251"]
[Annotator "hl"]
[PlyCount "87"]
[EventDate "2002.02.08"]

1. d4 d5 2. c4 c6 3. Nf3 Nf6 4. Nc3 Bf5 5. cxd5 cxd5 6. Bf4 Nc6 7. e3 e6 8. Nh4
Bg4 9. Qb3 b6 10. Bb5 Rc8 11. Qa4 Qd7 12. h3 Bh5 13. g4 Bg6 14. Nf3 Bd6 15.
Bxd6 Qxd6 16. Ne5 O-O 17. Nxc6 Ne4 18. Nxa7 Rc7 19. Bd3 Nxc3 20. bxc3 Bxd3 21.
Rd1 Be4 22. Nb5 Qc6 23. Rf1 Qc4 24. Qxc4 Rxc4 25. f3 Bc2 26. Rc1 Ba4 27. Na3
Rc6 28. Kd2 b5 29. Nc2 Rfc8 30. Nb4 Rc4 31. a3 Ra8 32. Rb1 g6 33. e4 Rac8 34.
Rfc1 Rd8 35. exd5 exd5 36. Re1 Kf8 37. Re5 f6 38. Rxd5 Rxd5 39. Nxd5 Rc6 40.
Re1 Bb3 41. Nb4 Rd6 42. Nd3 Ra6 43. Ra1 Re6 44. Nc5 1-0

[Event "Autumn Cup"]
[Site "Box Hill"]
[Date "2002.03.15"]
[Round "6.34"]
[White "Van Dijk, Devrim"]
[Black "Petrou, Anthony"]
[Result "1/2-1/2"]
[WhiteElo "1109"]
[BlackElo "1217"]
[Annotator "hl"]
[PlyCount "153"]
[EventDate "2002.02.08"]

1. e4 e6 2. d4 c5 3. d5 d6 4. c4 Be7 5. Nc3 Bf6 6. Nge2 a6 7. g3 Ne7 8. Bg2 e5
9. O-O Ng6 10. Bd2 O-O 11. f4 exf4 12. Nxf4 Bd4+ 13. Kh1 Ne5 14. Qe2 Re8 15. b3
Nbd7 16. Nd3 f6 17. Rac1 Nxd3 18. Qxd3 Ne5 19. Qe2 Bg4 20. Bf3 Nxf3 21. Rxf3
Bxf3+ 22. Qxf3 Qe7 23. Re1 Qe5 24. Bf4 Qe7 25. Nd1 Be5 26. Nf2 g5 27. Bd2 Bd4
28. Bc3 Bxc3 29. Qxc3 Qe5 30. Qc2 Qd4 31. Rd1 Qe3 32. Kg2 h5 33. Qb2 Re5 34.
Rd3 Qe1 35. Rd1 Qe3 36. Qb1 g4 37. Rd3 Qg5 38. b4 b6 39. bxc5 bxc5 40. Qb6 Rf8
41. Qxd6 Qg6 42. Re3 Rfe8 43. Qxc5 f5 44. Qd4 fxe4 45. d6 Qe6 46. c5 Rd5 47.
Qxe4 Qxe4+ 48. Rxe4 Rd8 49. Rc4 Kf7 50. Ne4 Ke6 51. Kf2 Rf8+ 52. Ke2 Re5 53. c6
Rxe4+ 54. Rxe4+ Kxd6 55. Rc4 Kc7 56. Rc5 Rh8 57. Ke3 h4 58. Kf4 hxg3 59. hxg3
Rg8 60. Rg5 Rf8+ 61. Kxg4 Kxc6 62. Rg6+ Kb5 63. Kh5 a5 64. g4 a4 65. g5 Kb4 66.
Rf6 Rg8 67. g6 Ka3 68. Ra6 Kb4 69. Kh6 a3 70. g7 Rb8 71. Rg6 Kc3 72. g8=Q Rxg8
73. Rxg8 Kb2 74. Rg2+ Ka1 75. Rg7 Kxa2 76. Ra7 Kb2 77. Rb7+ 1/2-1/2

[Event "Autumn Cup"]
[Site "Box Hill"]
[Date "2002.03.15"]
[Round "6.35"]
[White "Lee, Melissa"]
[Black "Lauder, Natasha"]
[Result "1/2-1/2"]
[WhiteElo "1204"]
[BlackElo "830"]
[Annotator "hl"]
[PlyCount "63"]
[EventDate "2002.02.08"]

1. e4 e5 2. Nf3 Nf6 3. d3 Bc5 4. h3 h6 5. Nxe5 Nc6 6. Nf3 O-O 7. Nc3 d6 8. Be2
Be6 9. O-O Re8 10. Be3 Bb4 11. Bd2 Qd7 12. a3 Bc5 13. Be3 Bxe3 14. fxe3 Rad8
15. d4 d5 16. e5 Nh5 17. Qe1 Ne7 18. Nh4 g6 19. Bxh5 gxh5 20. Qe2 Kh7 21. Rf2
Rg8 22. Kh2 Rg5 23. e4 Rdg8 24. exd5 Nxd5 25. Qe4+ Kh8 26. Nxd5 Bxd5 27. Qf4
R8g7 28. Qf6 Kh7 29. Rg1 Be6 30. Rf3 Bd5 31. Rf2 Be6 32. Rf3 1/2-1/2

[Event "Autumn Cup"]
[Site "Box Hill"]
[Date "2002.03.15"]
[Round "6.36"]
[White "Gray, Alan"]
[Black "Hopf, Lorna"]
[Result "0-1"]
[WhiteElo "675"]
[BlackElo "1205"]
[Annotator "hl"]
[PlyCount "76"]
[EventDate "2002.02.08"]

1. e4 e5 2. Nf3 Nc6 3. Bc4 Bc5 4. c3 Nf6 5. d4 exd4 6. cxd4 Bb4+ 7. Nc3 O-O 8.
Bg5 Be7 9. O-O d6 10. Qd2 Bg4 11. Qe3 Bxf3 12. Qxf3 Nxd4 13. Qe3 Nc2 14. Qd2
Nxa1 15. Rxa1 Nd7 16. Be3 Ne5 17. Be2 c5 18. Nd5 a6 19. a4 Nc6 20. Nxe7+ Qxe7
21. f3 Rfd8 22. Qd5 Qe5 23. Qb3 Nd4 24. Bxd4 Qxd4+ 25. Kf1 d5 26. Rd1 Qe5 27.
Rxd5 Rxd5 28. exd5 g6 29. Qxb7 Rb8 30. Qxa6 Qxd5 31. Bc4 Qd1+ 32. Kf2 Rxb2+ 33.
Kg3 Qd2 34. Qc8+ Kg7 35. Qxc5 Qxg2+ 36. Kf4 Qxh2+ 37. Ke3 Qf2+ 38. Kf4 Qxc5 0-1

[Event "Autumn Cup"]
[Site "Box Hill"]
[Date "2002.03.15"]
[Round "6.37"]
[White "Elbrish, Sam"]
[Black "Schlossberg, Jonathan"]
[Result "1-0"]
[WhiteElo "1398"]
[BlackElo "1145"]
[Annotator "hl"]
[PlyCount "73"]
[EventDate "2002.02.08"]

1. e4 e5 2. Nf3 Nf6 3. Nxe5 Nc6 4. Nxc6 dxc6 5. d3 Bc5 6. h3 O-O 7. Be2 Be6 8.
Bg5 h6 9. Bh4 Re8 10. e5 g5 11. Bg3 Nd5 12. h4 Nf4 13. hxg5 Nxe2 14. Qxe2 Qxg5
15. Nd2 Bg4 16. f3 Bd7 17. Ne4 Qg7 18. O-O-O Be7 19. Rh2 Bg5+ 20. Kb1 Bf5 21.
Nxg5 Qxg5 22. Bh4 Qf4 23. Rdh1 Rxe5 24. Qf2 Rae8 25. Bg3 Qe3 26. Qxe3 Rxe3 27.
b3 R8e7 28. Rxh6 Re2 29. Bh4 R7e5 30. g4 Bg6 31. f4 Rc5 32. Bf6 Bh7 33. Rxh7
Re1+ 34. Rxe1 Kxh7 35. f5 Rd5 36. Rh1+ Kg8 37. Rh8# 1-0

[Event "Autumn Cup"]
[Site "Box Hill"]
[Date "2002.03.15"]
[Round "6.38"]
[White "Ziffer, Rocheleh"]
[Black "Gombik, Louis"]
[Result "1-0"]
[WhiteElo "1097"]
[BlackElo "1360"]
[Annotator "hl"]
[PlyCount "85"]
[EventDate "2002.02.08"]

1. e4 c5 2. Nf3 d6 3. Nc3 Nf6 4. Bc4 e6 5. b3 a6 6. a4 g6 7. Bb2 Bg7 8. Rb1 Nc6
9. O-O O-O 10. d4 cxd4 11. Nxd4 Nxd4 12. Qxd4 Nh5 13. Qe3 Qe7 14. Rfd1 Be5 15.
Ne2 Qh4 16. Bxe5 dxe5 17. Rd3 b5 18. axb5 Bb7 19. Ng3 Nf4 20. Rc3 axb5 21. Bxb5
Rac8 22. Rxc8 Rxc8 23. Bd3 Qe7 24. Ra1 Kg7 25. Ne2 Qc7 26. Nxf4 exf4 27. Qd4+
e5 28. Qc4 Qd8 29. Qb5 Qc7 30. Ra7 Rb8 31. Bc4 Qd6 32. Rxb7 Qd1+ 33. Bf1 Rxb7
34. Qxb7 Qxc2 35. b4 g5 36. b5 h5 37. b6 g4 38. Qd5 Qb2 39. b7 g3 40. hxg3 fxg3
41. fxg3 Kg6 42. Qd6+ f6 43. b8=Q 1-0

[Event "Autumn Cup"]
[Site "Box Hill"]
[Date "2002.03.15"]
[Round "6.46"]
[White "Farrelly, Cathy"]
[Black "O'Connor, Andrew"]
[Result "1-0"]
[WhiteElo "858"]
[BlackElo "667"]
[Annotator "jp"]
[PlyCount "69"]
[EventDate "2002.02.08"]

1. d4 d5 2. e3 Nf6 3. Nd2 Bg4 4. Be2 Bxe2 5. Qxe2 Nc6 6. a3 e6 7. Ngf3 Bb4 8.
axb4 Nxb4 9. c3 Nc2+ 10. Kf1 Nxa1 11. Qb5+ c6 12. Qxb7 Qc8 13. Qb4 Nc2 14. Qb3
Na1 15. Qa2 Nc2 16. Qb1 Qa6+ 17. Kg1 Na1 18. b4 Rb8 19. Bb2 O-O 20. Bxa1 Qe2
21. Qf1 Qxf1+ 22. Kxf1 Ne4 23. Nxe4 dxe4 24. Ne5 c5 25. Nd7 cxb4 26. Nxb8 Rxb8
27. cxb4 Rxb4 28. Bc3 Rb1+ 29. Be1 a5 30. Ke2 a4 31. Rf1 a3 32. Bc3 Rb3 33. Rc1
a2 34. Ba1 Rb1 35. Rc8# 1-0

[Event "Autumn Cup"]
[Site "Box Hill"]
[Date "2002.03.15"]
[Round "6.51"]
[White "Leung, James"]
[Black "Wong, Stephanie"]
[Result "0-1"]
[WhiteElo "533"]
[BlackElo "728"]
[Annotator "sf"]
[PlyCount "76"]
[EventDate "2002.02.08"]

1. e4 e5 2. Nc3 Nf6 3. Bc4 Nxe4 4. Nxe4 d5 5. Bxd5 Qxd5 6. d3 f5 7. c4 Qc6 8.
Nc3 Qxg2 9. Qf3 Qxf3 10. Nxf3 Nc6 11. Be3 f4 12. Bd2 Bh3 13. Nd5 O-O-O 14. Ng5
Bg2 15. Nf7 Bxh1 16. Nxh8 Bxd5 17. cxd5 Rxd5 18. Ke2 Nd4+ 19. Kf1 Nf3 20. Rd1
Nxh2+ 21. Kg2 Ng4 22. Bc3 g5 23. Nf7 Bg7 24. Nxg5 h6 25. Ne6 Rd7 26. Nxg7 Rxg7
27. d4 Ne3+ 28. Kf3 Nxd1 29. dxe5 Nxc3 30. bxc3 Kd7 31. Kxf4 h5 32. Kf5 h4 33.
e6+ Ke7 34. c4 h3 35. Ke5 h2 36. c5 h1=Q 37. f4 Qe1+ 38. Kf5 Qxe6# 0-1

[Event "Autumn Cup"]
[Site "Box Hill"]
[Date "2002.03.22"]
[Round "7.1"]
[White "Wheelwright, Philip"]
[Black "Gluzman, Michael"]
[Result "0-1"]
[WhiteElo "1826"]
[BlackElo "2363"]
[Annotator "hl"]
[PlyCount "79"]
[EventDate "2002.02.08"]

1. e4 d5 2. exd5 Nf6 3. d4 Bg4 4. Nf3 Qxd5 5. Be2 Nc6 6. Nc3 Qh5 7. Be3 O-O-O
8. Ng5 e5 9. Bxg4+ Nxg4 10. d5 Nb4 11. Nxf7 Nxc2+ 12. Qxc2 Nxe3 13. fxe3 Qxf7
14. Rf1 Qh5 15. Qf5+ Qxf5 16. Rxf5 g6 17. Rf7 Bb4 18. O-O-O Bxc3 19. bxc3 Rd7
20. Rf6 Rd6 21. Rf7 e4 22. Re7 Rf8 23. Rd2 Rf1+ 24. Rd1 Rxd1+ 25. Kxd1 Rxd5+
26. Kc2 Rf5 27. Rxe4 Rf2+ 28. Kb3 Rxg2 29. h4 b6 30. a4 h5 31. Kc4 Kd7 32. Kd5
g5 33. Ke5 gxh4 34. Rxh4 Rg5+ 35. Kd4 Rg4+ 36. Rxg4 hxg4 37. Ke4 a5 38. c4 c6
39. Kf4 b5 40. cxb5 0-1

[Event "Autumn Cup"]
[Site "Box Hill"]
[Date "2002.03.22"]
[Round "7.2"]
[White "Bourmistrov, Denis"]
[Black "Raine, Marcus"]
[Result "0-1"]
[WhiteElo "1922"]
[BlackElo "1912"]
[Annotator "hl"]
[PlyCount "54"]
[EventDate "2002.02.08"]

1. d4 f5 2. Bg5 Nf6 3. Bxf6 exf6 4. e3 d5 5. Bd3 c6 6. Ne2 Na6 7. a3 Nc7 8. c4
g6 9. h4 h5 10. cxd5 Nxd5 11. Nbc3 Be6 12. e4 fxe4 13. Bxe4 f5 14. Bf3 Bh6 15.
Na4 b6 16. Qc2 Rc8 17. Rd1 O-O 18. g4 hxg4 19. Bxg4 Re8 20. h5 Qg5 21. Bf3 Nf4
22. Nac3 Bc4 23. b3 Ba6 24. hxg6 Rxe2+ 25. Nxe2 Nxe2 26. Bxe2 Re8 27. Rd2 Qxd2+
0-1

[Event "Autumn Cup"]
[Site "Box Hill"]
[Date "2002.03.22"]
[Round "7.4"]
[White "Nemeth, Janos"]
[Black "Lojanica, Milenko"]
[Result "0-1"]
[WhiteElo "1873"]
[BlackElo "1985"]
[Annotator "hl"]
[PlyCount "55"]
[EventDate "2002.02.08"]

1. e4 Nf6 2. Nc3 e6 3. e5 Nd5 4. Nxd5 exd5 5. d4 d6 6. f4 dxe5 7. dxe5 Bc5 8.
Nf3 O-O 9. Bd3 f6 10. Qe2 Bg4 11. Be3 Bxf3 12. Qxf3 Bxe3 13. Qxe3 fxe5 14. fxe5
Qh4+ 15. g3 Qb4+ 16. Ke2 Nc6 17. Rad1 Rae8 18. e6 Rf6 19. c3 Qxb2+ 20. Rd2 Qa3
21. Kd1 Rfxe6 22. Qg5 Ne5 23. Bf5 Rb6 24. Re1 Qa4+ 25. Kc1 h6 26. Qh5 g6 27.
Bxg6 Nxg6 28. Qxd5+ 0-1

[Event "Autumn Cup"]
[Site "Box Hill"]
[Date "2002.03.22"]
[Round "7.5"]
[White "Chowdhury, Mahmud"]
[Black "Kildisas, Victor E"]
[Result "1-0"]
[WhiteElo "1676"]
[BlackElo "1803"]
[Annotator "hl"]
[PlyCount "120"]
[EventDate "2002.02.08"]

1. e4 c5 2. Nf3 d6 3. d4 cxd4 4. Nxd4 Nf6 5. Nc3 a6 6. Bg5 e6 7. f4 Be7 8. Qf3
Qc7 9. O-O-O Nbd7 10. g4 b5 11. Bxf6 Nxf6 12. g5 Nd7 13. f5 Nc5 14. f6 gxf6 15.
gxf6 Bf8 16. Bh3 b4 17. Nd5 exd5 18. exd5 Bd7 19. Rhe1+ Kd8 20. Ne6+ Nxe6 21.
dxe6 Rc8 22. e7+ Bxe7 23. fxe7+ Ke8 24. Bxd7+ Qxd7 25. Rf1 Qe6 26. Rxd6 Qxe7
27. Qf5 Rb8 28. Rf6 Rf8 29. Qf2 Rb5 30. Qf3 Re5 31. Qc6+ Qd7 32. Qxd7+ Kxd7 33.
Rxf7+ Rxf7 34. Rxf7+ Kc6 35. Rxh7 Re2 36. Rh5 Rg2 37. a3 bxa3 38. bxa3 Rf2 39.
Kb2 a5 40. h4 Rh2 41. Kb3 Kb6 42. c3 Rh3 43. Kc4 Rf3 44. Rh6+ Ka7 45. Rh5 Kb6
46. Rh6+ Ka7 47. Rd6 Rf4+ 48. Rd4 Rf5 49. a4 Re5 50. Rg4 Kb6 51. Kd4 Re1 52.
Rg6+ Kb7 53. h5 Rh1 54. h6 Rh4+ 55. Kc5 Rxa4 56. Kb5 Rh4 57. Rg7+ Kc8 58. h7
Rh5+ 59. Ka4 Rh4+ 60. Kxa5 Rh5+ 1-0

[Event "Autumn Cup"]
[Site "Box Hill"]
[Date "2002.03.22"]
[Round "7.6"]
[White "Stojic, Dusan"]
[Black "Sharman, Scot A"]
[Result "1/2-1/2"]
[WhiteElo "1577"]
[BlackElo "1682"]
[Annotator "hl"]
[PlyCount "72"]
[EventDate "2002.02.08"]

1. e4 c5 2. Nf3 e6 3. d4 cxd4 4. Nxd4 Nc6 5. Nc3 a6 6. Be2 Nge7 7. Bg5 Nxd4 8.
Qxd4 Nc6 9. Qd2 f6 10. Be3 Qc7 11. O-O b5 12. f4 Be7 13. Bh5+ g6 14. Bf3 Bb7
15. Qf2 Rc8 16. Rad1 Nb8 17. Rd2 Bc6 18. Rfd1 Qb7 19. Nd5 Bd8 20. f5 O-O 21.
Qg3 exd5 22. exd5 Bc7 23. Qg4 Bb6 24. Bf2 Bxf2+ 25. Rxf2 g5 26. dxc6 Nxc6 27.
h4 Ne5 28. Bxb7 Nxg4 29. Rfd2 Rc5 30. Bxa6 Rxf5 31. hxg5 fxg5 32. Rxd7 Ne3 33.
R1d2 g4 34. g3 Rf1+ 35. Kh2 R1f5 36. Kg1 Rf1+ 1/2-1/2

[Event "Autumn Cup"]
[Site "Box Hill"]
[Date "2002.03.22"]
[Round "7.7"]
[White "Exner, Rolf"]
[Black "Le, Tuan N"]
[Result "0-1"]
[WhiteElo "1624"]
[BlackElo "1954"]
[Annotator "hl"]
[PlyCount "38"]
[EventDate "2002.02.08"]

1. d4 d5 2. c4 dxc4 3. Nc3 e5 4. d5 Nf6 5. e4 c6 6. dxc6 Qxd1+ 7. Kxd1 Nxc6 8.
Bxc4 Bc5 9. f3 O-O 10. Nge2 Rd8+ 11. Nd5 Na5 12. b3 b5 13. Bxb5 Nxd5 14. exd5
Rxd5+ 15. Kc2 Bf5+ 16. Kb2 Rb8 17. Ba6 Nc4+ 18. Kc3 Bb4+ 19. Kxc4 Be6 0-1

[Event "Autumn Cup"]
[Site "Box Hill"]
[Date "2002.03.22"]
[Round "7.8"]
[White "Lugo, Ruperto"]
[Black "Dutka, Janusz"]
[Result "0-1"]
[WhiteElo "1599"]
[BlackElo "1904"]
[Annotator "hl"]
[PlyCount "74"]
[EventDate "2002.02.08"]

1. Nf3 Nf6 2. g3 c5 3. Bg2 Nc6 4. d3 d5 5. O-O e6 6. Nbd2 Be7 7. c4 O-O 8. Qc2
b6 9. a3 Bb7 10. b3 Qc7 11. Bb2 Rfd8 12. cxd5 exd5 13. d4 Rac8 14. dxc5 bxc5
15. Rac1 Qb6 16. Bh3 Rb8 17. Ne5 Bc8 18. Nxc6 Qxc6 19. Bg2 a5 20. Nc4 Qb5 21.
Nd2 d4 22. Ba1 Be6 23. Rb1 Qxe2 24. Rfe1 Qh5 25. Bf3 Qh3 26. Bg2 Qh6 27. Ne4
Nxe4 28. Bxe4 Bf8 29. Qd3 Bd5 30. Bxd5 Rxd5 31. Bc3 Qh3 32. Bd2 Rh5 33. Re4
Qxh2+ 34. Kf1 Qh3+ 35. Ke1 c4 36. Qf1 Qxf1+ 37. Kxf1 Rh1+ 0-1

[Event "Autumn Cup"]
[Site "Box Hill"]
[Date "2002.03.22"]
[Round "7.9"]
[White "Jukic, Davor"]
[Black "Fell, Rowan"]
[Result "1-0"]
[WhiteElo "1725"]
[BlackElo "1421"]
[Annotator "sf"]
[PlyCount "91"]
[EventDate "2002.02.08"]

1. e4 c5 2. Nf3 Nc6 3. d4 cxd4 4. Nxd4 g6 5. Nc3 Bg7 6. Be3 Nf6 7. Be2 O-O 8.
h4 d5 9. exd5 Nxd5 10. Nxd5 Qxd5 11. Bf3 Qa5+ 12. c3 Nxd4 13. Bxd4 Rd8 14. b4
Qc7 15. Qb3 Bxd4 16. cxd4 Rxd4 17. h5 Qe5+ 18. Kf1 Be6 19. Qe3 Qxe3 20. fxe3
Rxb4 21. h6 Rd8 22. Kf2 b6 23. Rad1 Rb2+ 24. Kg3 Rbd2 25. Rc1 f6 26. Rc7 R2d7
27. Rhc1 g5 28. Rxd7 Bxd7 29. Rd1 Kf8 30. Be4 Kf7 31. Bf5 e6 32. Bxh7 Ke7 33.
Bc2 Rh8 34. Rh1 Be8 35. Kg4 Bc6 36. Kh5 Bxg2 37. Rh2 Bf3+ 38. Kg6 Rg8+ 39. Kh7
Kf8 40. Rd2 Bd5 41. e4 Bc6 42. Rd8+ Be8 43. Rxe8+ Kxe8 44. Kxg8 g4 45. h7 g3
46. h8=Q 1-0

[Event "Autumn Cup"]
[Site "Box Hill"]
[Date "2002.03.22"]
[Round "7.10"]
[White "Wen, Phillip"]
[Black "Umber, George"]
[Result "1-0"]
[WhiteElo "1699"]
[BlackElo "1551"]
[Annotator "hl"]
[PlyCount "57"]
[EventDate "2002.02.08"]

1. d4 d5 2. c4 c6 3. Nc3 Nf6 4. e3 Bf5 5. Nf3 e6 6. Bd3 Bxd3 7. Qxd3 Nbd7 8. e4
dxc4 9. Qxc4 Nb6 10. Qb3 Be7 11. O-O Qc7 12. h3 Nbd7 13. Be3 O-O 14. Rac1 Qb6
15. Qc2 Qa5 16. a3 Nb6 17. Bg5 h6 18. Bh4 Qh5 19. e5 Nfd5 20. Bxe7 Nxe7 21. Ne4
Qg6 22. Qe2 Ned5 23. Nh4 Nf4 24. Qf3 Nxh3+ 25. Kh1 Ng5 26. Nxg6 Nxf3 27. Nxf8
Nh4 28. Nxe6 fxe6 29. Nc5 1-0

[Event "Autumn Cup"]
[Site "Box Hill"]
[Date "2002.03.22"]
[Round "7.11"]
[White "Lawson, Shane"]
[Black "Kempen, Leon"]
[Result "0-1"]
[WhiteElo "1636"]
[BlackElo "2008"]
[Annotator "hl"]
[PlyCount "68"]
[EventDate "2002.02.08"]

1. e4 c6 2. d4 d5 3. Nc3 b5 4. a3 a6 5. e5 Bf5 6. f4 h5 7. Nf3 e6 8. Be3 Nd7 9.
Be2 Be7 10. Qd2 Nb6 11. b3 h4 12. h3 Kd7 13. Ng5 Qf8 14. a4 f6 15. Nf3 Bb4 16.
O-O Ne7 17. Ne1 bxa4 18. bxa4 Nc4 19. Bxc4 dxc4 20. Rb1 a5 21. d5 Nxd5 22. Rxb4
axb4 23. Nxd5 cxd5 24. Qd4 Rxa4 25. Qb6 Qb8 26. Qd4 Ke7 27. exf6+ gxf6 28. Nf3
Qb5 29. Bf2 Bxc2 30. Re1 Be4 31. Bxh4 Rxh4 32. Nxh4 b3 33. f5 b2 34. Ng6+ Kf7
0-1

[Event "Autumn Cup"]
[Site "Box Hill"]
[Date "2002.03.22"]
[Round "7.13"]
[White "Meydan, Arie"]
[Black "Chmiel, Rad"]
[Result "1-0"]
[WhiteElo "1804"]
[BlackElo "1598"]
[Annotator "hl"]
[PlyCount "55"]
[EventDate "2002.02.08"]

1. d4 Nf6 2. Bg5 d5 3. f3 c6 4. Nd2 e6 5. e4 dxe4 6. fxe4 Qxd4 7. Ngf3 Qxb2 8.
Bc4 b5 9. Rb1 Qc3 10. Rb3 Qa5 11. Bxf6 bxc4 12. Bc3 Qa4 13. Rb1 Qa3 14. Bd4 Ba6
15. O-O c5 16. Bb2 Qa5 17. Ne5 c3 18. Qf3 f6 19. Bxc3 Qc7 20. Qh5+ Ke7 21. Ng6+
hxg6 22. Qxh8 Bxf1 23. Rxf1 Nc6 24. Bxf6+ Ke8 25. Bg5 Qd6 26. Nc4 Qd4+ 27. Be3
Qxc4 28. Qxf8+ 1-0

[Event "Autumn Cup"]
[Site "Box Hill"]
[Date "2002.03.22"]
[Round "7.14"]
[White "Waller, A (Tony)"]
[Black "Liston, Howard"]
[Result "0-1"]
[WhiteElo "1755"]
[BlackElo "1596"]
[Annotator "hl"]
[PlyCount "60"]
[EventDate "2002.02.08"]

1. d4 d5 2. Nf3 Nf6 3. c4 dxc4 4. e3 e6 5. Bxc4 c5 6. O-O a6 7. Qe2 b5 8. Bd3
Bb7 9. a4 b4 10. Nbd2 cxd4 11. Nxd4 Nbd7 12. b3 Ne5 13. Bb1 Nd5 14. Bb2 Nc3 15.
Bxc3 bxc3 16. Ne4 Qd5 17. f3 Bb4 18. Rd1 Rd8 19. Bc2 Qa5 20. f4 Ng6 21. Ng5 Qb6
22. Qh5 Rd5 23. f5 exf5 24. Nxf5 Rd2 25. Rxd2 cxd2 26. Qd1 O-O 27. Qh5 h6 28.
Nxh6+ gxh6 29. Qxh6 Qxe3+ 30. Kf1 Qe1+ 0-1

[Event "Autumn Cup"]
[Site "Box Hill"]
[Date "2002.03.22"]
[Round "7.15"]
[White "Bourmistrov, Alex"]
[Black "Lycett, Garry"]
[Result "0-1"]
[WhiteElo "1500"]
[BlackElo "1711"]
[Annotator "hl"]
[PlyCount "30"]
[EventDate "2002.02.08"]

1. d4 d5 2. c4 dxc4 3. e4 e6 4. Bxc4 Bb4+ 5. Nc3 c5 6. a3 Bxc3+ 7. bxc3 Qa5 8.
Bd2 Nf6 9. e5 Ne4 10. Nf3 cxd4 11. cxd4 Nxd2 12. Nxd2 Nc6 13. Qg4 O-O 14. h4
Nxe5 15. dxe5 Qxe5+ 0-1

[Event "Autumn Cup"]
[Site "Box Hill"]
[Date "2002.03.22"]
[Round "7.16"]
[White "Turner, Adrian E"]
[Black "Miller, Anthony"]
[Result "1/2-1/2"]
[WhiteElo "1660"]
[BlackElo "1517"]
[Annotator "hl"]
[PlyCount "41"]
[EventDate "2002.02.08"]

1. d4 Nf6 2. c4 g6 3. f3 Bg7 4. e4 d6 5. Nc3 Nbd7 6. Be3 e5 7. Qd2 exd4 8. Bxd4
O-O 9. Nh3 Ne5 10. Nf2 Be6 11. b3 c6 12. Be2 Qc7 13. Rc1 Rfd8 14. O-O Qe7 15.
Rfd1 b6 16. Be3 d5 17. cxd5 cxd5 18. exd5 Nxd5 19. Nxd5 Bxd5 20. Qe1 Qb7 21.
Nd3 1/2-1/2

[Event "Autumn Cup"]
[Site "Box Hill"]
[Date "2002.03.22"]
[Round "7.17"]
[White "Lee, Michelle"]
[Black "Lacey, David"]
[Result "1/2-1/2"]
[WhiteElo "1646"]
[BlackElo "1559"]
[Annotator "hl"]
[PlyCount "42"]
[EventDate "2002.02.08"]

1. e4 e5 2. Nf3 Nc6 3. Bb5 Nf6 4. O-O d6 5. Re1 Bd7 6. d4 exd4 7. Nxd4 Be7 8.
Nc3 O-O 9. Bf4 Ne5 10. Bxd7 Qxd7 11. Nf5 Ng6 12. Bg3 Rfe8 13. Qd2 Rad8 14. Rad1
Bf8 15. f3 Ne5 16. Nd5 Nxd5 17. Qxd5 Qc6 18. Qxc6 Nxc6 19. Ne3 Ne7 20. Nd5 Nxd5
21. Rxd5 Be7 1/2-1/2

[Event "Autumn Cup"]
[Site "Box Hill"]
[Date "2002.03.22"]
[Round "7.20"]
[White "O'Connor, Phil"]
[Black "Suderson, Sunilson"]
[Result "1/2-1/2"]
[WhiteElo "1492"]
[BlackElo "1593"]
[Annotator "jp"]
[PlyCount "69"]
[EventDate "2002.02.08"]

1. d4 Nf6 2. Nf3 g6 3. c4 Bg7 4. Nc3 O-O 5. e4 d6 6. Be3 e5 7. dxe5 dxe5 8.
Qxd8 Rxd8 9. Nd5 Rd7 10. Rd1 Nc6 11. Bd3 Nxd5 12. cxd5 Nb4 13. Bb1 c6 14. a3
Na6 15. Ba2 cxd5 16. Bxd5 Nc7 17. Ba2 Rxd1+ 18. Kxd1 Be6 19. Bxe6 Nxe6 20. g3 (
20. Ke2 $142) 20... f5 21. exf5 gxf5 22. Kc1 f4 23. Bd2 Nc5 24. Kc2 fxg3 25.
fxg3 Rf8 26. Ng5 Rf2 27. b4 Nb3 28. Ne4 Nd4+ 29. Kd1 $11 Rf3 30. a4 Ra3 31. Bc3
Rb3 32. Re1 Rb1+ 33. Kd2 Bh6+ 34. Kd3 Rxe1 35. Bxe1 1/2-1/2

[Event "Autumn Cup"]
[Site "Box Hill"]
[Date "2002.03.22"]
[Round "7.21"]
[White "Palit, Vikram"]
[Black "Alamanos, John"]
[Result "1/2-1/2"]
[WhiteElo "1489"]
[BlackElo "1375"]
[Annotator "hl"]
[PlyCount "83"]
[EventDate "2002.02.08"]

1. d4 d6 2. e4 Nf6 3. Nc3 g6 4. Nf3 Bg7 5. Bc4 O-O 6. O-O Nbd7 7. Re1 e5 8.
dxe5 Nxe5 9. Nxe5 dxe5 10. Bg5 c6 11. Qxd8 Rxd8 12. Rad1 Be6 13. Bxe6 fxe6 14.
f3 h6 15. Bh4 g5 16. Bf2 b6 17. g3 Kf7 18. Kf1 Ne8 19. b3 Bf8 20. Rxd8 Rxd8 21.
Rd1 Rxd1+ 22. Nxd1 Bb4 23. Ne3 h5 24. Nc4 Kf6 25. Ke2 Nd6 26. Kd3 Nxc4 27. Kxc4
Bf8 28. b4 b5+ 29. Kb3 a6 30. c4 g4 31. fxg4 hxg4 32. cxb5 cxb5 33. Bc5 Bh6 34.
a4 Bd2 35. axb5 axb5 36. Kc2 Bh6 37. Kd3 Kf7 38. Ke2 Kg6 39. Kf2 Kh5 40. Kg2
Bg7 41. h3 Bf6 42. h4 1/2-1/2

[Event "Autumn Cup"]
[Site "Box Hill"]
[Date "2002.03.22"]
[Round "7.23"]
[White "Loizou, Loizos"]
[Black "Kloprogge, Ion"]
[Result "1-0"]
[WhiteElo "1274"]
[BlackElo "1457"]
[Annotator "hl"]
[PlyCount "91"]
[EventDate "2002.02.08"]

1. d4 d5 2. e3 a6 3. c4 e6 4. Nc3 Nf6 5. cxd5 exd5 6. Nf3 Bg4 7. Be2 Nc6 8. O-O
Bd6 9. b3 Be6 10. a4 O-O 11. Ba3 Re8 12. Ng5 h6 13. Nxe6 Rxe6 14. Bxd6 Qxd6 15.
Bf3 Ne7 16. Ne2 Ng6 17. Ng3 Nh4 18. Bg4 Ree8 19. Nf5 Nxf5 20. Bxf5 g6 21. Bh3
c6 22. Qc2 Re4 23. g3 h5 24. Bg2 Re7 25. Qc5 Qc7 26. b4 b6 27. Qc3 Ne4 28. Bxe4
Rxe4 29. Rfc1 Re6 30. Qb3 Qd7 31. a5 b5 32. Rc5 Re4 33. Rac1 h4 34. Rxc6 Qg4
35. Qxd5 Qf3 36. Rxg6+ Kh7 37. Rf6 Qxf6 38. Qxe4+ Kg7 39. Qxa8 h3 40. Qe4 Qd6
41. Qe5+ Qf6 42. Qxf6+ Kxf6 43. Rc6+ Ke7 44. Rxa6 Kd7 45. Rh6 Kc7 46. Rxh3 1-0

[Event "Autumn Cup"]
[Site "Box Hill"]
[Date "2002.03.22"]
[Round "7.24"]
[White "Muthusamy, Reubban"]
[Black "Carey, Peter"]
[Result "0-1"]
[WhiteElo "1206"]
[BlackElo "1451"]
[Annotator "hl"]
[PlyCount "72"]
[EventDate "2002.02.08"]

1. e4 c6 2. d4 d5 3. Nc3 dxe4 4. Nxe4 Bf5 5. Nc3 e6 6. Nf3 Nd7 7. Be3 Ngf6 8.
Be2 Bd6 9. O-O O-O 10. h3 Qc7 11. Bd3 Bxd3 12. Qxd3 e5 13. d5 Nc5 14. Bxc5 Bxc5
15. dxc6 Qxc6 16. Nxe5 Qc7 17. Nf3 Rad8 18. Qc4 Bxf2+ 19. Rxf2 Qxc4 20. Ne5 Qc5
21. Nd3 Qb6 22. Kh1 Rxd3 23. Rxf6 Rxh3+ 24. gxh3 gxf6 25. Rg1+ Kh8 26. Nd5 Qc6
27. c4 Qxc4 28. Nxf6 Qc6+ 29. Kh2 Qxf6 30. Rg2 Qe5+ 31. Kh1 Qe4 32. Kh2 Qf4+
33. Kh1 Qf1+ 34. Kh2 Re8 35. Rg3 Re2+ 36. Rg2 Rxg2# 0-1

[Event "Autumn Cup"]
[Site "Box Hill"]
[Date "2002.03.22"]
[Round "7.25"]
[White "Hickman, Casey"]
[Black "Papa, James"]
[Result "0-1"]
[WhiteElo "1118"]
[BlackElo "1433"]
[Annotator "hl"]
[PlyCount "72"]
[EventDate "2002.02.08"]

1. e4 c5 2. c3 d5 3. exd5 Qxd5 4. d4 Nc6 5. Nf3 Bg4 6. Be2 Nf6 7. h3 Bh5 8. Be3
cxd4 9. Bxd4 Nxd4 10. Qxd4 Bxf3 11. Bxf3 Qxd4 12. cxd4 Rb8 13. O-O e6 14. Nd2
Be7 15. Rac1 O-O 16. Rc7 Bd6 17. Rxb7 Rxb7 18. Bxb7 Rb8 19. Nc4 Rxb7 20. Nxd6
Rxb2 21. Rc1 g6 22. a3 Ra2 23. Rc3 Nd5 24. Rf3 f6 25. Rb3 Nb6 26. Rc3 Na4 27.
Rc8+ Kg7 28. Rc7+ Kh6 29. Rxa7 Rxa3 30. Nf7+ Kh5 31. Ra6 Ra1+ 32. Kh2 Ra2 33.
f3 Nc3 34. Rxe6 f5 35. Rd6 Rd2 36. Ne5 Ne2 {Time} 0-1